000 00508nam a2200217Ia 4500
003 OSt
005 20230504162021.0
008 210423s2012 xx 000 0 und d
040 _cAL
041 _aeng
082 _a530.12 THAV
_223
100 _aTHANKAPPAN (V K)
_997952
245 _aQuantum mechanics
250 _a3
260 _aNew Delhi
_bTata McGraw-hill
_c2012
300 _bPB
365 _cINR
650 _aQuantum Mechanics
_997953
906 _amechanics ; Quantum
942 _2ddc
_cBK
999 _c162105
_d162105